00662 am a2200169 a 450000500170000000800410001702000150005804100080007310000310008124500770011225001060018926000350029530000110033050001080034165300220044965300210047120240223122527.0100618s1991||||ag # f |||| 001 0 spa d a9505086505 aspa1 aBidart Campos, Germán J. aTeoría general de los derechos humanos / cGermán J. Bidart Campos. a1a ed.bSegún la 1a edición publicada en 1989 por la Universidad Nacional Autónoma de México. aBuenos Aires: bAstrea;c1991. a444 p. aBidart Campos, G. J. (1991). Teoría general de los derechos humanos. (1a ed.). Buenos Aires : Astrea. aCiencias Sociales aDerechos humanos